00695nam a2200241 a 4500001001300000003000900013005001700022008004100039020001100080082001500091100002200106245005500128260003200183300000900215500003500224505001000259650002100269700002200290902000800312942000700320952011300327999001300440nice12345678IN_TiNIC20260116011257.0050524s1961 bosa grp 000 0 eng  ac89.700a923.2bNEH aNehru, Jawaharlal aAutobiography of Jawaharlal Nehrub Toward Freedom aBostonbBeacon Press c1961 a438p aincludes index and biblioraphy2 aindex aJawaharlal Nehru1 aNehru, Jawaharlal bSRS cBK 001040708StackRoom-aHMIbHMId2005-05-24g89.70l0o923.2 NEHp02214r2005-05-24v89.70w2005-05-24yBK c106d106